|
|
|
|
| LEADER |
00000nam a22000007a 4500 |
| 005 |
20170604223510.0 |
| 007 |
cr|||| |||| |
| 008 |
170604s2016 br |||||s|||| 00||0 por d |
| 020 |
|
|
|a 978-85-63265-68-5
|
| 035 |
|
|
|a 20326
|
| 040 |
|
|
|a vLex
|
| 090 |
|
|
|c 6745
|d 6745
|
| 100 |
1 |
|
|a Michener, Gregory
|
| 245 |
1 |
0 |
|a Avaliaȯ̂ de transparn̊cia do Estado Brasileiro e do Poder Judicir̀io
|h [Recurso electrn̤ico] /
|c Gregory Michener, Luiz Fernando Marrey Moncau, Rafael Velasco
|
| 256 |
|
|
|a Servicio en ln̕ea
|
| 260 |
|
|
|a Rio de Janeiro:
|b FGV - Direito Rio,
|c 2016
|
| 300 |
|
|
|a 1 recurso electrn̤ico (137 p.)
|
| 506 |
1 |
|
|a Disponible solo en los productos indicados
|d vLex Global
|d vLex Global (Academic Edition, excluding Law Schools)
|d vLex Global (U.S. Academic Edition, Law Schools)
|d vLex Global (U.S. Academic Edition, excluding Law Schools)
|d vLex Global (Academic Edition, Law Schools)
|
| 650 |
0 |
4 |
|a Derecho Pb︢lico y Administrativo
|z Brasil
|
| 700 |
1 |
|
|a Marrey Moncau, Luiz Fernando
|
| 700 |
1 |
|
|a Velasco, Rafael
|
| 740 |
0 |
|
|a vLex Libros (Servicio en ln̕ea)
|
| 856 |
4 |
0 |
|u http://vlex.com/source/avalia-o-transpar-ncia-estado-brasileiro-poder-judiciario-20326
|z Acceso restringido
|
| 942 |
|
|
|c BOOK
|
| 999 |
0 |
|
|a Public and Administrative Law
|